| 000 | 00717nac a22002171u 4500 | ||
|---|---|---|---|
| 020 | _a8123910630 | ||
| 082 |
_a664 _bPAN |
||
| 090 |
_c9663 _d9663 |
||
| 100 | _aPandey, H. | ||
| 245 |
_aExperiments In Food Process Engineering / _cH. Pandey ...[et.al.] |
||
| 260 |
_aNew Delhi: _bCBS Publishers,c.2004. _cc.2004. |
||
| 500 | _aDistributer:Al-Ahram. | ||
| 511 | _aCatalogued By: Mahitab. | ||
| 650 | _aFood industry and trade --Technological innovations. | ||
| 650 | _aFood processing plants --Technological innovations. | ||
| 700 | _aSharma, H.K. | ||
| 700 | _aChauhan, R.C. | ||
| 700 | _aSarkar, B.C. | ||
| 700 | _aBera, M.B. | ||
| 942 |
_cBB _k664PAN |
||
| 999 |
_c9663 _d9663 |
||